|
|
|
|
| LEADER |
05784nam a22006378i 4500 |
| 001 |
40543 |
| 003 |
BD-DhAAL |
| 005 |
20250422101924.0 |
| 008 |
230109t2022 bg b 001 0 eng d |
| 010 |
|
|
|a 2021052272
|
| 020 |
|
|
|a 9781538164921
|
| 020 |
|
|
|a 9789849699507
|
| 020 |
|
|
|z 9781538164938
|
| 040 |
|
|
|a DLC
|b eng
|e rda
|c DLC
|d BD-DhAAL
|
| 042 |
|
|
|a pcc
|
| 043 |
|
|
|a a-bg---
|
| 050 |
0 |
0 |
|a HC79.P63
|b M33 2022
|
| 082 |
0 |
0 |
|a 362.5
|2 23
|
| 100 |
1 |
|
|a MacMillan, Scott,
|d 1974-
|e author.
|9 53292
|
| 245 |
1 |
0 |
|a Hope over fate :
|b Fazle Hasan Abed and the science of ending global poverty /
|c Scott MacMillan.
|
| 260 |
|
|
|a Dhaka :
|b Baatighar ;
|a Lanham :
|b Rowman & Littlefield,
|c c2022.
|
| 300 |
|
|
|a viii, 312 pages ;
|c 24 cm.
|
| 504 |
|
|
|a Includes bibliographical references and index.
|
| 520 |
|
|
|a "This book tells the story of Fazle Hasan Abed (1936-2019), a former finance executive with almost no experience in relief aid who founded BRAC in 1972. Abed's methods have changed the way global policymakers think about poverty"--
|
| 526 |
|
|
|a AAL, GenEd
|
| 541 |
|
|
|a Karim International, Baatighar, Donated by Professor Syed Mahfuzul Aziz (Former Pro Vice-Chancellor)
|e 40543, 40544, 40545, 40546, 40547, 40842, 40843, 40844, 40845, 40846, 40847, 40848, 40849, 40850, 40851, 40852, 40853, 41742, 41743, 41744, 44329
|
| 600 |
1 |
0 |
|a Abed, F. H.
|
| 610 |
2 |
0 |
|a Bangladesh Rural Advancement Committee
|
| 650 |
|
0 |
|a Social service, Rural
|z Bangladesh.
|
| 650 |
|
0 |
|a Poverty.
|
| 650 |
|
0 |
|a Economic development.
|
| 650 |
|
0 |
|a Economics.
|
| 852 |
|
|
|a Ayesha Abed Library
|c General Stacks
|
| 942 |
|
|
|2 ddc
|c BK
|
| 999 |
|
|
|c 44882
|d 44882
|
| 952 |
|
|
|0 0
|1 0
|2 ddc
|4 0
|5 0
|6 362_500000000000000_MAC
|7 0
|9 72809
|a BRACUL
|b BRACUL
|d 2023-01-08
|e Karim International
|g 4000.00
|l 7
|m 7
|o 362.5 MAC
|p 3010040543
|r 2026-05-13
|s 2026-05-10
|t 1
|v 4000.00
|w 2023-01-08
|y BK
|
| 952 |
|
|
|0 0
|1 0
|2 ddc
|4 0
|6 362_500000000000000_MAC
|7 0
|9 72810
|a BRACUL
|b BRACUL
|c CIR
|d 2023-01-08
|e Karim International
|g 4000.00
|l 0
|o 362.5 MAC
|p 3010040545
|r 2023-01-08
|t 3
|v 4000.00
|w 2023-01-08
|y 1HOUR
|
| 952 |
|
|
|0 0
|1 0
|2 ddc
|4 0
|6 362_500000000000000_MAC
|7 0
|9 72811
|a BRACUL
|b BRACUL
|c REF
|d 2023-01-08
|e Karim International
|g 4000.00
|l 2
|m 10
|o 362.5 MAC
|p 3010040544
|r 2024-06-10
|s 2024-06-02
|t 2
|v 4000.00
|w 2023-01-08
|y RSV
|
| 952 |
|
|
|0 0
|1 0
|2 ddc
|4 0
|6 362_500000000000000_MAC
|7 0
|9 72812
|a BRACUL
|b BRACUL
|c CIR
|d 2023-01-08
|e Karim International
|g 4000.00
|l 0
|o 362.5 MAC
|p 3010040547
|r 2023-01-08
|t 5
|v 4000.00
|w 2023-01-08
|y 1HOUR
|
| 952 |
|
|
|0 0
|1 0
|2 ddc
|4 0
|6 362_500000000000000_MAC
|7 0
|9 72813
|a BRACUL
|b BRACUL
|c REF
|d 2023-01-08
|e Karim International
|g 4000.00
|l 0
|o 362.5 MAC
|p 3010040546
|r 2023-01-08
|t 4
|v 4000.00
|w 2023-01-08
|y RSV
|
| 952 |
|
|
|0 0
|1 0
|2 ddc
|4 0
|6 362_500000000000000_MAC
|7 0
|9 73025
|a BRACUL
|b BRACUL
|c GEN
|d 2023-01-19
|e Baatighar
|g 900.00
|l 6
|m 36
|o 362.5 MAC
|p 3010040842
|r 2026-05-18
|s 2026-05-07
|t 6
|v 1200.00
|w 2023-01-19
|y BK
|
| 952 |
|
|
|0 0
|1 0
|2 ddc
|4 0
|6 362_500000000000000_MAC
|7 1
|9 73026
|a BRACUL
|b BRACUL
|c BRS
|d 2023-01-19
|e Baatighar
|g 900.00
|l 5
|m 13
|o 362.5 MAC
|p 3010040843
|r 2024-09-01
|s 2024-06-05
|t 7
|v 1200.00
|w 2023-01-19
|y BK
|
| 952 |
|
|
|0 0
|1 0
|2 ddc
|4 0
|6 362_500000000000000_MAC
|7 0
|9 73027
|a BRACUL
|b BRACUL
|c GEN
|d 2023-01-19
|e Baatighar
|g 900.00
|l 7
|m 52
|o 362.5 MAC
|p 3010040844
|r 2026-05-20
|s 2026-04-23
|t 8
|v 1200.00
|w 2023-01-19
|y BK
|
| 952 |
|
|
|0 0
|1 0
|2 ddc
|4 0
|6 362_500000000000000_MAC
|7 0
|9 73028
|a BRACUL
|b BRACUL
|c GEN
|d 2023-01-19
|e Baatighar
|g 900.00
|l 7
|m 38
|o 362.5 MAC
|p 3010040845
|q 2026-06-02
|r 2026-05-02
|s 2026-05-02
|t 9
|v 1200.00
|w 2023-01-19
|y BK
|
| 952 |
|
|
|0 0
|1 0
|2 ddc
|4 0
|6 362_500000000000000_MAC
|7 1
|9 73029
|a BRACUL
|b BRACUL
|c BRS
|d 2023-01-19
|e Baatighar
|g 900.00
|l 2
|o 362.5 MAC
|p 3010040846
|r 2024-06-08
|s 2024-06-08
|t 10
|v 1200.00
|w 2023-01-19
|y BK
|
| 952 |
|
|
|0 0
|1 0
|2 ddc
|4 0
|6 362_500000000000000_MAC
|7 0
|9 73114
|a IGS
|b IGS
|c GEN
|d 2023-02-06
|e Baatighar
|g 900.00
|l 0
|o 362.5 MAC
|p 3010040849
|r 2023-02-06
|t 13
|v 900.00
|w 2023-02-06
|y BK
|
| 952 |
|
|
|0 0
|1 0
|2 ddc
|4 0
|6 362_500000000000000_MAC
|7 0
|9 73115
|a IGS
|b IGS
|c GEN
|d 2023-02-06
|e Baatighar
|g 900.00
|l 0
|o 362.5 MAC
|p 3010040847
|r 2023-02-06
|t 11
|v 900.00
|w 2023-02-06
|y BK
|
| 952 |
|
|
|0 0
|1 0
|2 ddc
|4 0
|6 362_500000000000000_MAC
|7 0
|9 73116
|a IGS
|b IGS
|c GEN
|d 2023-02-06
|e Baatighar
|g 900.00
|l 0
|o 362.5 MAC
|p 3010040848
|r 2023-02-06
|t 12
|v 900.00
|w 2023-02-06
|y BK
|
| 952 |
|
|
|0 0
|1 0
|2 ddc
|4 0
|6 362_500000000000000_MAC
|7 0
|9 73117
|a IGS
|b IGS
|c GEN
|d 2023-02-06
|e Baatighar
|g 900.00
|l 0
|o 362.5 MAC
|p 3010040850
|r 2023-02-06
|t 14
|v 900.00
|w 2023-02-06
|y BK
|
| 952 |
|
|
|0 0
|1 0
|2 ddc
|4 0
|6 362_500000000000000_MAC
|7 0
|9 73118
|a IGS
|b IGS
|c GEN
|d 2023-02-06
|e Baatighar
|g 900.00
|l 0
|o 362.5 MAC
|p 3010040851
|r 2023-02-06
|t 15
|v 900.00
|w 2023-02-06
|y BK
|
| 952 |
|
|
|0 0
|1 0
|2 ddc
|4 0
|6 362_500000000000000_MAC
|7 0
|9 73119
|a IGS
|b IGS
|c GEN
|d 2023-02-06
|e Baatighar
|g 900.00
|l 0
|o 362.5 MAC
|p 3010040852
|r 2023-02-06
|t 16
|v 900.00
|w 2023-02-06
|y BK
|
| 952 |
|
|
|0 0
|1 0
|2 ddc
|4 0
|6 362_500000000000000_MAC
|7 0
|9 73120
|a IGS
|b IGS
|c GEN
|d 2023-02-06
|e Baatighar
|g 900.00
|l 0
|o 362.5 MAC
|p 3010040853
|r 2023-02-06
|t 17
|v 900.00
|w 2023-02-06
|y BK
|
| 952 |
|
|
|0 0
|1 0
|2 ddc
|4 0
|6 362_500000000000000_MAC
|7 0
|9 74338
|a SCL
|b SCL
|c GEN
|d 2023-09-07
|e Karim International
|g 1160.00
|l 2
|m 8
|o 362.5 MAC
|p 3020041744
|r 2024-03-25
|s 2024-02-14
|t 20
|v 1160.00
|w 2023-09-07
|y BK
|
| 952 |
|
|
|0 0
|1 0
|2 ddc
|4 0
|6 362_500000000000000_MAC
|7 0
|9 74339
|a SCL
|b SCL
|c GEN
|d 2023-09-07
|e Karim International
|g 1160.00
|l 5
|m 3
|o 362.5 MAC
|p 3020041743
|r 2025-11-16
|s 2025-11-04
|t 19
|v 1160.00
|w 2023-09-07
|y BK
|
| 952 |
|
|
|0 0
|1 0
|2 ddc
|4 0
|6 362_500000000000000_MAC
|7 0
|9 74340
|a SCL
|b SCL
|c GEN
|d 2023-09-07
|e Karim International
|g 1160.00
|l 0
|o 362.5 MAC
|p 3020041742
|r 2023-09-07
|t 18
|v 1160.00
|w 2023-09-07
|y BK
|
| 952 |
|
|
|0 0
|1 0
|2 ddc
|4 0
|6 362_500000000000000_MAC
|7 0
|9 77603
|a BRACUL
|b BRACUL
|c GEN
|d 2025-04-22
|e Donated by Professor Syed Mahfuzul Aziz (Former Pro Vice-Chancellor)
|g 1200.00
|l 1
|m 1
|o 362.5 MAC
|p 3010044329
|r 2025-10-15
|s 2025-09-30
|t 21
|w 2025-04-22
|y BK
|x Donated by Professor Syed Mahfuzul Aziz (Former Pro Vice-Chancellor) ;
|